书目信息 |
| 题名: |
著名不等式
|
|
| 作者: | 徐玉明 主编 | |
| 分册: | ||
| 出版信息: | 北京 中国物资出版社 1994 |
|
| 页数: | 522页 | |
| 开本: | 19cm | |
| 丛书名: | ||
| 单 册: | ||
| 中图分类: | O178 | |
| 科图分类: | ||
| 主题词: | 数学分析 | |
| 电子资源: | ||
| ISBN: | 7-5047-0742-2 | |
| 000 | 00529nam0 2200193 45 | |
| 001 | 0405241502 | |
| 005 | 20040524153705.8 | |
| 010 | @a7-5047-0742-2@dCNY8.50 | |
| 100 | @a20040524d1994 km y0chiy0120 ea | |
| 101 | 0 | @achi |
| 105 | @a z 000yy | |
| 200 | 1 | @a著名不等式@AZhu Ming Bu Deng Shi@f徐玉明主编@FXu Yu Ming Zhu Bian |
| 210 | @a北京@c中国物资出版社@d1994 | |
| 215 | @a522页@d19cm | |
| 606 | 0 | @a数学分析 |
| 690 | @aO178@v3 | |
| 701 | 0 | @a徐玉明@4主编 |
| 801 | @aCN@bPftUser@c20040524 | |
| 905 | @f9@b262774-782@dO178@e32 | |
| 著名不等式/徐玉明主编.-北京:中国物资出版社,1994 |
| 522页;19cm |
| ISBN 7-5047-0742-2:CNY8.50 |
| ● |
| 相关链接 |
|
|
|
|
正题名:著名不等式
索取号:O178/32
 
预约/预借
| 序号 | 登录号 | 条形码 | 馆藏地/架位号 | 状态 | 备注 |
| 1 | 0262774 | 001634896 | 第三借阅区/ [索取号:O178/32] | 在馆 | |
| 2 | 0262775 | 001635029 | 第三借阅区/ [索取号:O178/32] | 在馆 | |
| 3 | 0262776 | 001635092 | 第三借阅区/ [索取号:O178/32] | 在馆 | |
| 4 | 0262777 | 001635840 | 第三借阅区/ [索取号:O178/32] | 在馆 | |
| 5 | 0262778 | 001635136 | 第三借阅区/ [索取号:O178/32] | 在馆 | |
| 6 | 0262779 | 001635056 | 第三借阅区/ [索取号:O178/32] | 在馆 | |
| 7 | 0262780 | 001635010 | 第三借阅区/ [索取号:O178/32] | 在馆 | |
| 8 | 0262781 | 001634976 | 第三借阅区/ [索取号:O178/32] | 在馆 | |
| 9 | 0262782 | 001634985 | 第三借阅区/ [索取号:O178/32] | 在馆 | |
| 10 | 0262783 | 001634930 | 第二样本阅览室/ [索取号:O178/32] | 在馆 |